00382 a2200145 450000500170000002000220001708200150003910000140005424500220006826000430009030000510013370000140018470000200019870000180021820250626133807.0 a978-0-7487-9825-4 a150.72 BAI aBAILEY, J aAQA, Psychology A aLondonbOxford University Pressc2014. axiii,580p.: ill.; figures, tablesbIndexc26cm aNick Lund aJulia Willerton aJane Willson